| 000 -LEADER |
| fixed length control field |
00503cam a22001457a 4500 |
| 008 - FIXED-LENGTH DATA ELEMENTS--GENERAL INFORMATION |
| fixed length control field |
180718b1992 xxu||||| |||| 00| 0 eng d |
| 082 ## - DEWEY DECIMAL CLASSIFICATION NUMBER |
| Classification number |
Q39 W893 (N) |
| 100 ## - MAIN ENTRY--PERSONAL NAME |
| Personal name |
World Congress on Natural Hazard Reduction, Jan. 10-14, 1992: Institute of Engineers, New Delhi |
| 245 ## - TITLE STATEMENT |
| Title |
Technical papers |
| 260 ## - PUBLICATION, DISTRIBUTION, ETC. |
| Place of publication, distribution, etc. |
New Delhi |
| Name of publisher, distributor, etc. |
World Federation of Engineering Organizations |
| Date of publication, distribution, etc. |
1992 |
| 300 ## - PHYSICAL DESCRIPTION |
| Extent |
v. |
| 440 ## - SERIES STATEMENT/ADDED ENTRY--TITLE |
| Title |
Contents v.1 Technical papers, 473p. |
| 650 ## - SUBJECT ADDED ENTRY--TOPICAL TERM |
| Topical term or geographic name entry element |
Earthquake hazard analysis |
| 650 ## - SUBJECT ADDED ENTRY--TOPICAL TERM |
| Topical term or geographic name entry element |
Disasters |